000 01944cam a22004814i 4500
003 PE-LiUPU
005 20250731165532.0
008 150625s1985 sp a r 000 0 spa d
035 _a(Sirsi) a30330
035 _a(Sirsi) a30330
040 _aPE-LiUPU
_bspa
_cPE-LiUPU
_dPE-LiUPU
_erda
049 _aPRUA
082 0 4 _a641.86
_bS23
_221
100 1 _aSarret, Josep,
_eautor.
245 1 0 _aArte y secretos de la repostería :
_bnociones básicas y decoración /
_cJosep Sarret.
264 1 _aBarcelona :
_bHymsa,
_c[1985].
300 _a64 páginas :
_bilustraciones ;
_c29 centímetros
336 _atext
_2rdacontent
337 _aunmediated
_2rdamedia
338 _avolume
_2rdacarrier
505 0 _aLa repostería como arte -- Concejos generales para la elaboración de pasteles -- El horno -- Utensilios más empleados en pastelería y repostería -- Ingredientes básicos para repostería y bollería -- Formillas básicas -- Arte de la decoración -- Términos más usuales en repostería.
526 _aSEG44
526 _aSEG26
526 _aP151
526 _aP150
526 _aP149
526 _aP146
526 _aP145
526 _aP126
526 _aP125
526 _aP92
526 _aP75
526 _aP74
526 _aP27
526 _aP15
650 1 4 _aRepostería.
942 _2ddc
_cBOOK
949 _aRC 641.86 S23 1
_wDEWEY
_c1
_i24993
_lRC
_mBUL
_r0
_sY
_tBOOK
_u2015-6-25
_xBIBLIOTECA
_zUNKNOWN
_0COMPRA
_o.CIRCNOTE. No olvidar cambiar la fecha de devolución!!!!!!!
_o.STAFF. Colección Ciencias de la Salud
994 _aC0
_bPEPRU
596 _a1
999 _aRC 641.86 S23 1
_wDEWEY
_c37775
_i24993
_d37775
_e2017-5-10
_f2021-11-4
_g4
_lCCODEBUL1
_mBUL
_n1
_p10.00
_q1
_r0
_sY
_tBOOK
_u2015-6-25
_xSALUD
_zUNKNOWN
_0COMPRA
_o.CIRCNOTE. No olvidar cambiar la fecha de devolución!!!!!!!
_o.STAFF. Colección Ciencias de la Salud
980 _81
_gALBERTO SANCHEZ Responsable de Automatización